The Java programming language / (Record no. 2459)

MARC details
000 -LEADER
fixed length control field 00747cam a22002412 4500
001 - CONTROL NUMBER
control field 0000004105
005 - DATE AND TIME OF LATEST TRANSACTION
control field 20151217145754.0
008 - FIXED-LENGTH DATA ELEMENTS--GENERAL INFORMATION
fixed length control field 070518s xx 000 0 eng d
020 ## - INTERNATIONAL STANDARD BOOK NUMBER
International Standard Book Number 8178081422 :
Terms of availability KES 2,800
040 ## - CATALOGING SOURCE
Original cataloging agency KABU
Transcribing agency KABU
050 #0 - LIBRARY OF CONGRESS CALL NUMBER
Classification number QA76.73
Item number .J38A76 2000
100 1# - MAIN ENTRY--PERSONAL NAME
Personal name Arnold, Ken.
-- 0000148361
245 14 - TITLE STATEMENT
Title The Java programming language /
Statement of responsibility, etc. Ken Arnold, James Gosling, David Holmes.
250 ## - EDITION STATEMENT
Edition statement 3rd ed.
260 ## - PUBLICATION, DISTRIBUTION, ETC. (IMPRINT)
Place of publication, distribution, etc. Delhi :
Name of publisher, distributor, etc. Pearson Educ.,
Date of publication, distribution, etc. 2000.
300 ## - PHYSICAL DESCRIPTION
Extent 619 p.
650 #0 - SUBJECT ADDED ENTRY--TOPICAL TERM
Topical term or geographic name as entry element Java (Computer programming language)
-- 0000154482
700 1# - ADDED ENTRY--PERSONAL NAME
Personal name Gosling, James.
-- 0000148362
700 1# - ADDED ENTRY--PERSONAL NAME
Personal name Holmes, David.
-- 0000148363
908 ## - PUT COMMAND PARAMETER (RLIN)
Put command parameter 070518
950 ## - LOCAL HOLDINGS (RLIN)
-- 1
Holdings
Withdrawn status Lost status Source of classification or shelving scheme Not for loan Home library Current library Date acquired Total Checkouts Full call number Barcode Checked out Date last seen Date last checked out Price effective from Koha item type Total Renewals
    Library of Congress Classification   Kabarak, Main Campus Kabarak, Main Campus 17/12/2015 4 QA76.73 .J38A76 2000 004213 29/03/2021 12/03/2021 12/03/2021 17/12/2015 General Collection  
    Library of Congress Classification   Kabarak, Main Campus Kabarak, Main Campus 17/12/2015 3 QA76.73 .J38A76 2000 004214   05/11/2021 22/10/2021 17/12/2015 General Collection 1
Designed with assistance from East African Informatics Ltd